Zdravé finančné zásady Príloha

Finančno-ekonomická analýza spoločnosti Slovenská Grafia, a.s. Bratislava. Základná charakteristika spoločnosti. Ekonomické a finančné ukazovatele. Swot analýza. Vývoj koeficientov likvidity. Obchodovateľnosť akcií a dividendová politika.

Gespeichert in:
Bibliographische Detailangaben
1. Verfasser: Kukučka, J.
Format: Buchkapitel
Sprache:Slowakisch
Schlagworte:
Tags: Tag hinzufügen
Keine Tags, Fügen Sie das erste Tag hinzu!

MARC

LEADER 00000naa a2200000 4500
001 r027642
005 20251104124551.9
041 0 |a slo 
044 |a SK 
245 1 0 |a Zdravé finančné zásady  |b Príloha  |c J. Kukučka 
520 |a Finančno-ekonomická analýza spoločnosti Slovenská Grafia, a.s. Bratislava. Základná charakteristika spoločnosti. Ekonomické a finančné ukazovatele. Swot analýza. Vývoj koeficientov likvidity. Obchodovateľnosť akcií a dividendová politika. 
610 2 0 |a analýza finančná 
610 2 0 |a Slovenská Grafia, a.s. Bratislava 
610 2 0 |a priemysel polygrafický 
610 2 0 |a akcie 
610 2 0 |a analýza swot 
100 1 |a Kukučka, J.